Abréviations N°5 - Statistiques

Statistiques générales
  • Ce quiz a été pris 155 fois
  • Le résultat moyen est 9 sur 9
Statistiques - réponses
Terme Abréviation % Correct
Frère F.
99%
Père P.
99%
Saint St
99%
Sainte Ste
99%
Révérend Père R.P.
96%
Révérend Père jésuite R.P.J.
94%
Sa Sainteté S.S.
94%
Son Excellence S.Exc.
88%
Son Éminence S.Em.
86%
Aucun quiz correspondant
Distribution des résultats
% des personnes avec chaque résultat
Percentile par nombre de réponses
Votre historique - résultats
Vous n’avez pas pris ce quiz